000 00259nam a22001217a 4500
008 170425b xxu||||| |||| 00| 0 eng d
041 _aeng
080 _a546
100 _a12
101 _aSHM
245 _aINORGANIC CHEMISTRY
_cBARNETT, B
942 _2udc
_cBK
999 _c12003
_d12003